[Event "Wch U20"]
[Site "Mamaia"]
[Date "1991.??.??"]
[Round "?"]
[White "Groenn, Atle"]
[Black "Sherzer, Alex"]
[Result "0-1"]
[WhiteElo "2320"]
[BlackElo "2460"]

1.Nf3 Nf6 2.c4 g6 3.g3 Bg7 4.Bg2 O-O 5.d4 d6 6.O-O Nbd7 7.Nc3 e5 8.h3 c6
9.e4 Qb6 10.Re1 a5 11.Na4 Qc7 12.dxe5 Nxe5 13.c5 Nxf3+ 14.Qxf3 Nd7 15.Bf4 Ne5
16.Qa3 dxc5 17.Qxc5 g5 18.Bxe5 Qxe5 19.Qxe5 Bxe5 20.Nb6 Rb8 21.Nxc8 Rfxc8
22.Re2 Rd8 23.Rc1 f6 24.Bf1 Rd4 25.Kg2 a4 26.Kf3 h5 27.Rec2 Rbd8 28.Ke3 Rd1
29.Rxd1 Rxd1 30.Bc4+ Kf8 31.Be6 Bd4+ 32.Ke2 Rb1 33.Bc8 c5 34.Bxb7 a3 35.b3 Ke7
36.Kd3 Kd6 37.f4 Rg1 38.Rg2 Rh1 39.fxg5 fxg5 40.Bc8 Ke5 41.Bf5 Rc1 42.Rc2 Rg1
43.Kc4 Rxg3 44.b4 cxb4 45.Kxb4 Bb2 46.Rc7 Re3 47.Rg7 Kf4 48.Rh7 h4 49.Re7 Re2
50.Re6 Kg3 51.Rg6 Bc1 52.Kb3 Rb2+ 53.Kxa3 Rb6+ 54.Ka4 Rxg6 55.Bxg6 Kxh3 56.e5 g4
57.e6 Bg5 58.Bf5 Kg3 59.Kb5 h3 60.a4 Kf4 61.e7 Bxe7 62.Bc8 Bd8 63.Kc4 h2
64.Bb7 Ke3  0-1

[Event "Wch U20"]
[Site "Mamaia"]
[Date "1991.??.??"]
[Round "?"]
[White "Savas, Levent"]
[Black "Moldovan, Daniel"]
[Result "0-1"]
[WhiteElo "2230"]
[BlackElo "2425"]

1.Nf3 Nf6 2.c4 g6 3.g3 Bg7 4.Bg2 O-O 5.Nc3 d6 6.O-O e5 7.d3 Nc6 8.Rb1 Bd7
9.h3 Qc8 10.Kh2 Nd4 11.Nd2 h5 12.e3 Ne6 13.f4 exf4 14.gxf4 Re8 15.Nf3 c6
16.e4 b5 17.e5 dxe5 18.Nxe5 bxc4 19.dxc4 Qc7 20.Kh1 Rad8 21.Be3 h4 22.Nxd7 Rxd7
23.Qf3 Rd3 24.Qf2 Nh5 25.Ne2 Nf8  0-1

[Event "Wch U14"]
[Site "Mamaia"]
[Date "1991.??.??"]
[Round "11"]
[White "Kempinski, Robert"]
[Black "Oral, Tomas"]
[Result "0-1"]
[WhiteElo "2240"]
[BlackElo "2255"]

1.Nf3 Nf6 2.c4 g6 3.g3 Bg7 4.Bg2 O-O 5.O-O d6 6.d4 Nc6 7.Nc3 a6 8.h3 e5 9.e4 Nxd4
10.Nxd4 exd4 11.Qxd4 Ng4 12.Qd5 c6 13.Qd1 Ne5 14.Qb3 Be6 15.Qxb7 Bxc4 16.Rd1 Rb8
17.Qa7 Nd3 18.Rd2 Qa5 19.e5 Bxe5 20.Ne4 d5 21.Rc2 Qa4 22.b3 Bxb3 23.Nc3 Qa5
24.axb3 Qxa1 25.Qe3 Bxc3 26.Qxd3 Bb2 27.Qd1 Bxc1 28.Rxc1 Qf6 29.Qd3 Rb6 30.Qe3 Rfb8
31.Qd3 Rxb3 32.Qxa6 Rb1  0-1

[Event "WchT U26"]
[Site "Maringa"]
[Date "1991.??.??"]
[Round "1"]
[White "Briffel, Francisco"]
[Black "Sorin, Ariel"]
[Result "0-1"]
[WhiteElo "2255"]
[BlackElo "2400"]

1.Nf3 Nf6 2.c4 g6 3.g3 Bg7 4.Bg2 O-O 5.O-O d6 6.d4 c5 7.Nc3 Nc6 8.d5 Na5
9.Nd2 e5 10.a3 b6 11.b4 Nb7 12.Rb1 Ng4 13.Nb3 f5 14.bxc5 bxc5 15.h3 Nf6 16.Bd2 h5
17.Bg5 Rf7 18.Qc1 Qf8 19.a4 a5 20.Bd2 h4 21.gxh4 f4 22.Rb2 Qe7 23.Na1 Nh5
24.Ne4 Qxh4 25.Rxb7 Rxb7 26.Nxd6 Bxh3 27.Bxh3 Qxh3 28.Ne4 Ng3 29.fxg3 fxg3
30.Nxg3 Qxg3+ 31.Kh1 Bf8  0-1

[Event "Melbourne Masters"]
[Site "Melbourne"]
[Date "1991.??.??"]
[Round "2"]
[White "Danailov, Silvio"]
[Black "Sandler, Leonid"]
[Result "1-0"]
[WhiteElo "2475"]
[BlackElo "2320"]

1.Nf3 Nf6 2.c4 g6 3.g3 Bg7 4.Bg2 O-O 5.O-O d6 6.d4 Nc6 7.Nc3 a6 8.d5 Na5
9.Nd2 c5 10.Rb1 Rb8 11.b3 b5 12.Bb2 bxc4 13.bxc4 Rxb2 14.Rxb2 Nxd5 15.cxd5 Bxc3
16.Rc2 Bg7 17.Qc1 Bd7 18.Qa3 Bb5 19.Re1 e6 20.e3 Qc7 21.Rd1 Rd8 22.h4 exd5
23.Bxd5 Nc6 24.Ne4 Ne7 25.Rcd2 h6 26.Nc3 Bxc3 27.Qxc3 Nxd5 28.Rxd5 Bc6 29.R5d2 Qe7
30.Qc4 Kg7 31.Rb1 Qf6 32.Qf4 Qe7 33.Rb6 g5 34.Qc4 Bb5 35.Qd5 gxh4 36.Rxd6 Rxd6
37.Qxd6 Qxd6 38.Rxd6 hxg3 39.fxg3 f6 40.Kf2 Kg6 41.e4 Kf7 42.Ke3 Ke7 43.Rb6 Kf7
44.a3 Kg7 45.Rd6 c4 46.Kd4 h5 47.Kc3 Kf7 48.Kb4 c3 49.Kxc3 Ke7 50.Rb6 Bf1
51.Kd4 Kf7 52.a4 Kg7 53.a5 Kf7 54.e5 fxe5+ 55.Kxe5 Kg7 56.Kf5 Kf7 57.Kg5 Be2
58.Rh6 Ke7 59.Rxh5 Kd6 60.Kh4  1-0

[Event "POL-chT"]
[Site "Mikolajki"]
[Date "1991.??.??"]
[Round "2"]
[White "Juroszek, Tadeusz"]
[Black "Krasenkow, Michal"]
[Result "0-1"]
[WhiteElo "2360"]
[BlackElo "2570"]

1.Nf3 Nf6 2.c4 g6 3.g3 Bg7 4.Bg2 O-O 5.O-O c6 6.Nc3 d6 7.d3 e5 8.Rb1 a5 9.a3 Nbd7
10.b4 axb4 11.axb4 d5 12.cxd5 cxd5 13.Qb3 d4 14.Nb5 Nb6 15.e3 Be6 16.Qc2 Qd7
17.Na3 Nfd5 18.Qd2 dxe3 19.fxe3 e4 20.Nd4 Nxe3 21.Nxe6 Nxf1 22.Nxf8 Nxd2
23.Nxd7 Bd4+ 24.Kh1 Nxb1 25.Nxb6 Bxb6 26.Nc4 exd3  0-1

[Event "POL-chT"]
[Site "Mikolajki"]
[Date "1991.??.??"]
[Round "4"]
[White "Czerwonski, Aleksander"]
[Black "Kaminski, Marcin"]
[Result "1/2-1/2"]
[WhiteElo "2370"]
[BlackElo "2305"]

1.Nf3 Nf6 2.g3 g6 3.Bg2 Bg7 4.c4 O-O 5.O-O d6 6.Nc3 e5 7.d3 Nc6 8.Bg5 h6
9.Bxf6 Bxf6 10.Nd5 Bg7 11.Rb1 Ne7 12.b4 Be6 13.Nd2 c6 14.Nxe7+ Qxe7 15.b5 d5
16.bxc6 bxc6 17.Qa4 Rfc8 18.Rb3 f5 19.Rfb1 Rc7 20.Qa6 e4 21.cxd5 Bxd5 22.Rb8+ Rxb8
23.Rxb8+ Kh7 24.dxe4 fxe4 25.e3 Qe5 26.Bf1 Rf7 27.Rb7 Rxb7 28.Qxb7 Qb2 29.Qxb2 Bxb2
30.Bc4 Bc3 31.Bxd5 cxd5 32.Nb3 Kg7 33.Kf1 Kf6 34.Ke2 Ke5 35.h3 a5 36.a4 d4
37.exd4+ Kd5 38.Ke3 Kc4 39.Nxa5+ Bxa5 40.Kxe4 Bb6 41.f4 Bxd4 42.a5 Bf2 43.g4 Kb5
44.f5 gxf5+ 45.gxf5 Kxa5 46.f6 Kb6 47.Kf5 Kc7 48.Kg6 Kd7 49.f7 Bc5  1/2-1/2

[Event "POL-chT"]
[Site "Mikolajki"]
[Date "1991.??.??"]
[Round "7"]
[White "Rotstein, Arkadij"]
[Black "Urban, Klaudiusz"]
[Result "1-0"]
[WhiteElo "2400"]
[BlackElo "2395"]

1.c4 Nf6 2.Nf3 g6 3.g3 Bg7 4.Bg2 O-O 5.O-O c5 6.d4 cxd4 7.Nxd4 Nc6 8.Nc2 d6
9.Nc3 a6 10.b3 Rb8 11.Bb2 Bd7 12.e4 Ne8 13.Qd2 b5 14.Ne3 f5 15.Rad1 Nd4 16.exf5 Nxf5
17.c5 Nd4 18.Ne4 e5 19.cxd6 Bc6 20.f4 Nxd6 21.Nxd6 Bxg2 22.Qxg2 Qxd6 23.fxe5 Bxe5
24.Qe4 Rxf1+ 25.Kxf1 Rf8+ 26.Kg2 Qc6 27.Nd5  1-0

[Event "FRA-ch Acc"]
[Site "Montpellier"]
[Date "1991.??.??"]
[Round "5"]
[White "Prevot, JL."]
[Black "Van Dongen, Patrick"]
[Result "0-1"]
[WhiteElo "1750"]
[BlackElo "2260"]

1.Nf3 Nf6 2.c4 g6 3.g3 Bg7 4.Bg2 O-O 5.O-O Nc6 6.d4 d5 7.Ne5 dxc4 8.Nxc6 bxc6
9.Na3 Be6 10.Qc2 Qxd4 11.Be3 Qe5 12.Nxc4 Qh5 13.Bf3 Ng4 14.Bxg4 Bxg4 15.f3 Be6
16.Rac1 Bxc4 17.Qxc4 Bxb2 18.Rc2 Be5 19.Rd1 Qh3 20.Qxc6 Rad8 21.Rcd2 Rxd2
22.Rxd2 Rb8 23.Qc1 a6 24.Rc2 h5 25.f4 Bd6 26.Bd4 h4 27.Rb2 Rxb2 28.Qxb2 c5
29.Bf2 Qe6 30.Qc2 h3 31.e4 c4 32.Bd4 Qc8 33.Kf1 Bb4 34.Ke2 Qc6 35.Ke3 e6
36.Qe2 f5 37.exf5 gxf5 38.Qf3 Qxf3+ 39.Kxf3 Kf7 40.Bb2 Bc5 41.g4 Bg1 42.gxf5 exf5
43.Kg3 Be3 44.Bc3 Ke6 45.Kxh3 Bxf4 46.Kg2 Be5 47.Bxe5 Kxe5 48.Kf3 f4 49.h4 c3
50.Ke2 f3+  0-1

[Event "Moscow5-B"]
[Site "Moscow"]
[Date "1991.??.??"]
[Round "?"]
[White "Zoltek, Tadeusz"]
[Black "Yuferov, Sergey  N"]
[Result "1/2-1/2"]
[WhiteElo "2315"]
[BlackElo "2395"]

1.Nf3 Nf6 2.c4 g6 3.g3 Bg7 4.Bg2 O-O 5.O-O d6 6.Nc3 c6 7.d3 Qa5 8.Qd2 Na6
9.Rb1 Qh5 10.Qg5 Nc5 11.b4 Ne6 12.Qxh5 Nxh5 13.Bd2 f5 14.b5 Bd7 15.bxc6 bxc6
16.Rb4 Rfb8 17.Rfb1 Rxb4 18.Rxb4 Kf8 19.Nd1 Nf6 20.Ng5 Nd8 21.Bc3 Rc8 22.Rb1 h6
23.Bxf6 Bxf6 24.Nh7+ Kf7 25.Nxf6 Kxf6 26.Nc3 e5 27.Kf1 Be6 28.Ke1 Ke7  1/2-1/2

[Event "Russian Winter op"]
[Site "Moscow"]
[Date "1991.??.??"]
[Round "?"]
[White "Volodin, Viktor"]
[Black "Paglietti, Nicola"]
[Result "1/2-1/2"]
[WhiteElo "2225"]
[BlackElo "2350"]

1.Nf3 Nf6 2.c4 g6 3.g3 Bg7 4.Bg2 O-O 5.O-O c6 6.d4 d5 7.cxd5 cxd5 8.Ne5 e6
9.Bg5 Qb6 10.b3 Nfd7 11.Nf3 Nc6 12.Be3 Qb4 13.a3 Qe7 14.Ra2 Nb6 15.Qd2 Bd7
16.Bh6 Bxh6 17.Qxh6 Na5 18.Rb2 Rac8 19.Qd2 Nc6 20.Rd1 a5 21.a4 Nb4 22.Ne5 Rc7
23.Nxd7 Nxd7 24.Rc1 Nf6 25.Rxc7 Qxc7 26.Na3 Rc8 27.Rb1 Qc3 28.Qxc3 Rxc3 29.Kf1 Ne8
30.Ke1 Nc2+ 31.Nxc2 Rxc2 32.Kd1 Rc7 33.Kd2 Nd6 34.e3 Kg7 35.Rc1 Rxc1  1/2-1/2

[Event "Moscow3"]
[Site "Moscow"]
[Date "1991.??.??"]
[Round "?"]
[White "Zhidkov, Valery S"]
[Black "Lokasto, Anatol"]
[Result "1-0"]
[WhiteElo "2425"]
[BlackElo "2330"]

1.Nf3 Nf6 2.c4 g6 3.g3 Bg7 4.Bg2 O-O 5.O-O d6 6.d4 Nbd7 7.Qc2 e5 8.Rd1 Qe7
9.Nc3 c6 10.e4 exd4 11.Nxd4 Nc5 12.Bf4 Rd8 13.h3 a5 14.Rd2 Nfd7 15.Rad1 Ne5
16.b3 f6 17.Be3 Nf7 18.Kh2 Re8 19.Re2 Qc7 20.f4 Bd7 21.Bf2 Re7 22.Red2 Rae8
23.a3 Na6 24.Bf3 Qc8 25.g4 Bh6 26.Nde2 Qc7 27.Bg3 Bc8 28.Kg2 b6 29.Nd4 Bb7
30.h4 Qc8 31.Rf2 Nc7 32.b4 axb4 33.axb4 c5 34.bxc5 dxc5 35.Nde2 Na6 36.Nd5 Bxd5
37.cxd5 b5 38.d6 Ra7 39.g5 Bf8 40.gxf6 Nb4 41.Qb3 Qe6 42.Qxe6 Rxe6 43.e5 Nc2
44.Kh3 Ne3 45.Rd3 Nf5 46.Bd5 Nd8 47.Nc3 Ra3 48.Ra2 Rxa2 49.Nxa2 c4 50.Ra3  1-0

[Event "Moscow7 op"]
[Site "Moscow"]
[Date "1991.??.??"]
[Round "?"]
[White "Ionov, Sergey"]
[Black "Zlotnik, Boris A"]
[Result "1/2-1/2"]
[WhiteElo "2510"]
[BlackElo "2450"]

1.Nf3 Nf6 2.c4 g6 3.g3 Bg7 4.Bg2 O-O 5.O-O d6 6.d4 Nc6 7.Nc3 a6 8.e3 e5 9.d5 Ne7
10.e4 c5 11.a4 Ne8 12.Ne1 f5 13.Nd3 Nf6 14.Ra3 fxe4 15.Nxe4 Nxe4 16.Bxe4 Bh3
17.Re1 Qd7 18.f3 Bf5 19.a5 Bxe4 20.fxe4 Kh8 21.Bd2 Rac8 22.Rf1 Ng8 23.Rxf8 Bxf8
24.Qe2 h5 25.Ra1 Bh6 26.Rf1 Bxd2 27.Qxd2 Kg7 28.Qg5 Qd8 29.Qxd8 Rxd8 30.Rb1 b5
31.axb6 Rb8 32.Kf2 Nf6 33.Kf3 Rxb6 34.h3 Rb3 35.Ke3 Nd7 36.Kd2 Nf6 37.Kc2 Rb8
38.Re1 Rf8 39.Kd2 a5 40.Ke3 Nh7 41.Ra1 Ng5 42.h4 Nf3 43.Rxa5 Nh2 44.Ra7+ Kh6
45.Ra6 Nf1+ 46.Ke2 Nxg3+ 47.Ke3 Nf1+  1/2-1/2

[Event "Muenster op"]
[Site "Muenster"]
[Date "1991.??.??"]
[Round "7"]
[White "Jurek, Josef"]
[Black "Schaefer, Markus"]
[Result "1/2-1/2"]
[WhiteElo "2320"]
[BlackElo "2400"]

1.Nf3 Nf6 2.c4 g6 3.g3 Bg7 4.Bg2 O-O 5.d4 c6 6.Nc3 d5 7.cxd5 cxd5 8.Ne5 e6
9.O-O Nfd7 10.Nf3 Nc6 11.Bf4 Nf6 12.Ne5 Bd7 13.Nxc6 Bxc6 14.Be5 Ne8 15.Bxg7 Kxg7
16.e3 Nd6 17.h4 h5 18.Bf3 Rh8 19.Kg2 Qb6 20.Rb1 Rac8 21.Qd2 Nf5 22.Rfc1 Qd8
23.Rh1 Qd6 24.Ne2 Rcd8 25.Qa5 a6 26.Nf4 Bb5 27.Rhc1 Rc8  1/2-1/2

[Event "Nimes op"]
[Site "Nimes"]
[Date "1991.??.??"]
[Round "2"]
[White "Bricard, Emmanuel"]
[Black "Krasenkow, Michal"]
[Result "1-0"]
[WhiteElo "2395"]
[BlackElo "2570"]

1.c4 Nf6 2.Nf3 g6 3.g3 Bg7 4.Bg2 O-O 5.O-O d5 6.cxd5 Nxd5 7.Nc3 Nb6 8.d3 h6
9.Bd2 Nc6 10.Rc1 e5 11.Re1 Nd4 12.b4 c6 13.a4 a5 14.b5 Bd7 15.Rb1 c5 16.e3 Ne6
17.Ne4 Qe7 18.Bc3 f5 19.Ned2 Nd8 20.Ra1 Rf7 21.Qb3 Qd6 22.Red1 Kh7 23.Qb2 Re7
24.Nc4 Nxc4 25.dxc4 Qe6 26.Bxe5 Bxe5 27.Qxe5 Qxe5 28.Nxe5 Be6 29.Rac1 Kg7
30.Nd3 Rc8 31.Nf4 Bf7 32.Rd6 g5 33.Nd5 Re6 34.Rd7 Kf8 35.Rd1 Be8 36.Rc7 Rb8
37.Rxc5 Rd6 38.Nc3 Rxd1+ 39.Nxd1 Bd7 40.Rc7 Ke7 41.Nc3 Kd6 42.b6 Ne6 43.Rxb7 Rxb7
44.Bxb7 Kc5 45.Be4  1-0

[Event "NOR-ch"]
[Site "NOR"]
[Date "1991.??.??"]
[Round "4"]
[White "Groenn, Atle"]
[Black "Scholseth, Tor Kristian"]
[Result "1-0"]
[WhiteElo "2320"]
[BlackElo "2330"]

1.Nf3 Nf6 2.c4 g6 3.g3 Bg7 4.Bg2 O-O 5.d4 d6 6.O-O c6 7.Nc3 Qa5 8.e4 Bg4
9.h3 Bxf3 10.Bxf3 Nfd7 11.Be3 a6 12.a3 c5 13.e5 cxd4 14.Bxd4 dxe5 15.Be3 Qc7
16.Nd5 Qd6 17.Rc1 e4 18.c5 Qe5 19.Bf4 Qd4 20.Nxe7+ Kh8 21.Qxd4 Bxd4 22.Bxe4 Nxc5
23.Rc4 Nxe4 24.Rxd4 Nc5 25.Rfd1 a5 26.Rd8 Nc6 27.Nxc6 bxc6 28.Rxf8+ Rxf8
29.Bd6  1-0

[Event "Oberwart op"]
[Site "Oberwart"]
[Date "1991.??.??"]
[Round "?"]
[White "Cvitan, Ognjen"]
[Black "Gyorkos, Lajos"]
[Result "1-0"]
[WhiteElo "2495"]
[BlackElo "2440"]

1.Nf3 Nf6 2.c4 g6 3.g3 Bg7 4.Bg2 O-O 5.d4 c6 6.O-O d5 7.cxd5 cxd5 8.Ne5 Ne4
9.Nc3 Bf5 10.Bf4 Nxc3 11.bxc3 Nc6 12.Qb3 Nxe5 13.Bxe5 Bxe5 14.dxe5 e6 15.Qxb7 Qa5
16.c4 Rab8 17.Qe7 d4 18.Rfc1 Rbc8 19.Bf3 h5 20.Kg2 Qxe5 21.Qxa7 Be4 22.Qa3 Ra8
23.Qb2 h4 24.Rd1 Rfd8 25.Bxe4 Qxe4+ 26.f3 Qe5 27.Rd3 Ra4 28.Rc1 Qc5 29.gxh4 e5
30.h5 gxh5 31.Kf2 Rxc4 32.Rxc4 Qxc4 33.Qb6 Re8 34.Qh6 Qxa2 35.Rd1 Re6 36.Rg1+ Rg6
37.Rxg6+ fxg6 38.Qxg6+ Kf8 39.Qf6+ Kg8 40.Qg5+ Kf8 41.Qxe5 Qd2 42.Qxh5 Qe3+
43.Kf1 Qc1+ 44.Kg2 Qe3 45.Qh8+ Kf7 46.Qh7+ Kf6 47.Qe4 Qd2 48.h4 Qc3 49.Qf4+ Kg7
50.Qe5+ Kg8 51.Qg5+ Kh8 52.h5  1-0

[Event "Oberwart op"]
[Site "Oberwart"]
[Date "1991.??.??"]
[Round "?"]
[White "Cvitan, Ognjen"]
[Black "Yurtaev, Leonid"]
[Result "0-1"]
[WhiteElo "2495"]
[BlackElo "2525"]

1.Nf3 Nf6 2.c4 g6 3.g3 Bg7 4.Bg2 O-O 5.d4 d6 6.O-O Nbd7 7.Nc3 e5 8.e4 exd4
9.Nxd4 Re8 10.h3 Nc5 11.Re1 h6 12.Rb1 Bd7 13.b3 a5 14.Bf4 a4 15.Kh2 axb3
16.axb3 Kh7 17.f3 Ne6 18.Be3 Nxd4 19.Bxd4 c5 20.Be3 Ng4+ 21.hxg4 Bxc3 22.Re2 Ra6
23.Bxh6 g5 24.Qc1 Bf6 25.Bxg5 Bxg5 26.Qc2 Kg7 27.Bh3 Bf6 28.Kg2 Bd4 29.Qd2 Qf6
30.Rh1 Ra1 31.Rxa1 Bxa1 32.Qf4 Qg6  0-1

[Event "Oviedo rapid"]
[Site "Oviedo"]
[Date "1991.??.??"]
[Round "6"]
[White "Frois, Antonio"]
[Black "Ubilava, Elizbar"]
[Result "0-1"]
[WhiteElo "2400"]
[BlackElo "2535"]

1.Nf3 Nf6 2.c4 g6 3.g3 Bg7 4.Bg2 O-O 5.O-O d6 6.d4 Nbd7 7.Nc3 e5 8.e4 c6
9.h3 Qb6 10.Re1 exd4 11.Nxd4 Ng4 12.Qxg4 Qxd4 13.Qe2 Nb6 14.Bf1 Be6 15.Be3 Qxc4
16.Rad1 Qxe2 17.Rxe2 Nc4 18.Bc1 Rfd8 19.Rc2 Nb6 20.Bg2 Rac8 21.Bf4 d5 22.exd5 cxd5
23.Rcc1 h6 24.g4 Rc6 25.Bg3 Rdc8 26.Rb1 Bxc3 27.bxc3 Rxc3 28.Be5 Ra3 29.Bd4 Rxa2
30.Ra1 Rxa1 31.Rxa1 Rc4 32.Be3 Ra4 33.Rb1  0-1

[Event "Pamplona op"]
[Site "Pamplona"]
[Date "1991.??.??"]
[Round "?"]
[White "Estremera Panos, Sergio"]
[Black "Magem Badals, Jorge"]
[Result "1/2-1/2"]
[WhiteElo "2300"]
[BlackElo "2485"]

1.Nf3 Nf6 2.c4 g6 3.g3 Bg7 4.Bg2 O-O 5.O-O d6 6.Nc3 c5 7.d4 Nc6 8.dxc5 dxc5
9.Bf4 Nh5 10.Be3 b6 11.Qc1 Bb7 12.Rd1 Qe8 13.Bh6 Rd8 14.Bxg7 Rxd1+ 15.Qxd1 Nxg7
16.Qd2  1/2-1/2

[Event "Paris-ch"]
[Site "Paris"]
[Date "1991.??.??"]
[Round "1"]
[White "Lempereur, Frederic"]
[Black "Demarre, Jacques"]
[Result "1-0"]
[WhiteElo "2200"]
[BlackElo "2295"]

1.Nf3 Nf6 2.c4 g6 3.g3 Bg7 4.Bg2 O-O 5.d4 d6 6.Nc3 Nc6 7.O-O Bf5 8.b3 Ne4
9.Nd5 Nf6 10.Bb2 Re8 11.Ne1 e5 12.Nxf6+ Bxf6 13.d5 Nb8 14.e4 Bc8 15.Nd3 Nd7
16.b4 a5 17.a3 b6 18.Qb3 Bg7 19.f4 Qe7 20.Rac1 Qf8 21.Rf2 axb4 22.axb4 Nf6
23.Re2 Bg4 24.Ree1 exf4 25.gxf4 Nh5 26.Bxg7 Qxg7 27.e5 Bf5 28.Be4 Bd7 29.Kh1 Kh8
30.Qc3 Ra2 31.Rc2 Rxc2 32.Qxc2 Qh6 33.Qf2 Qg7 34.Ra1 dxe5 35.fxe5 f5 36.Bf3 Qe7
37.Ra7 Bc8 38.Qd4 Ng7 39.c5 bxc5 40.bxc5 Qd8 41.Qc3 g5 42.e6 g4 43.Bg2 Kg8
44.d6 Bxe6 45.Rxc7 Qg5 46.Nf4 Bf7 47.Nd5 Nh5 48.d7 Rf8 49.Rc8 f4 50.Nf6+  1-0

[Event "Paris-ch"]
[Site "Paris"]
[Date "1991.??.??"]
[Round "6"]
[White "Roos, Celine"]
[Black "Nepomiachty, Alexandre"]
[Result "1-0"]
[WhiteElo "2145"]
[BlackElo "2150"]

1.c4 Nf6 2.Nf3 g6 3.g3 Bg7 4.Bg2 O-O 5.d4 d6 6.Nc3 Nbd7 7.O-O e5 8.h3 Re8
9.e4 exd4 10.Nxd4 Nc5 11.Re1 a5 12.b3 Nfd7 13.Be3 c6 14.Qc2 Qb6 15.Rad1 a4
16.Rb1 axb3 17.axb3 Qb4 18.Red1 Ne6 19.Nde2 Ndc5 20.Rxd6 Ra3 21.Na2 Qa5 22.Rd2 Qa8
23.Nac3 h6 24.b4 Nd7 25.f4 Qa6 26.b5 Qa5 27.bxc6 bxc6 28.e5 Qa6 29.Qe4 Nd8
30.Bf2 g5 31.Qc2 Qxc4 32.Qb2 Qa6 33.Nd4 Bf8 34.Nxc6 Nxc6 35.Bd5 Kh7 36.Nb5 Qa5
37.Bxc6 Re6 38.Bxd7 Rb6 39.Bxc8 Rxb5 40.Rd7 Kg8 41.Qxb5  1-0

[Event "Bohemians"]
[Site "Prague"]
[Date "1991.??.??"]
[Round "8"]
[White "Znamenacek, Kvetoslav"]
[Black "Schumi, Manfred"]
[Result "0-1"]
[WhiteElo "2340"]
[BlackElo "2225"]

1.Nf3 Nf6 2.c4 g6 3.g3 Bg7 4.Bg2 O-O 5.O-O d6 6.d4 Nc6 7.Nc3 a6 8.d5 Na5
9.Nd2 c5 10.Qc2 e6 11.Rb1 exd5 12.cxd5 b5 13.b3 Bd7 14.Bb2 Re8 15.e4 Rc8
16.Nd1 c4 17.b4 c3 18.Bxc3 Nc4 19.Qd3 Nxd2 20.Bxf6 Qxf6 21.Qxd2 Qd4 22.Qxd4 Bxd4
23.Ne3 Rc3 24.Rfc1 Rec8 25.Rxc3 Rxc3 26.Kf1 Bxe3 27.fxe3 Rc2 28.Ra1 Bg4 29.h3 Be2+
30.Kg1 Kf8 31.g4 h6 32.a3 Ke7 33.Rb1 Kf6 34.Ra1 Ke5 35.a4 bxa4 36.Rxa4 Rb2
37.Ra1 Rxb4 38.Ra2 Bd3 39.Kf2 Rc4 40.Bf3 Rc2+  0-1

[Event "Rimavska Sobota"]
[Site "Rimavska Sobota"]
[Date "1991.??.??"]
[Round "8"]
[White "Fries Nielsen, Jens Ove"]
[Black "Tseitlin, Mikhail S"]
[Result "1/2-1/2"]
[WhiteElo "2415"]
[BlackElo "2490"]

1.Nf3 Nf6 2.c4 g6 3.g3 Bg7 4.Bg2 O-O 5.O-O d6 6.d4 Nbd7 7.Nc3 e5 8.e4 c6
9.h3 Re8 10.Be3 exd4 11.Nxd4 Nc5 12.Qc2 Qe7 13.Rfe1 Bd7 14.f3 Nh5 15.Kh2 Ne6
16.Nde2 f5 17.exf5 gxf5 18.Bf2 Qf7 19.Rad1 Bf8 20.b3  1/2-1/2

[Event "Sao Paulo op"]
[Site "Sao Paulo"]
[Date "1991.??.??"]
[Round "5"]
[White "Levy, Rene"]
[Black "Braga, Cicero"]
[Result "1/2-1/2"]
[WhiteElo "2235"]
[BlackElo "2370"]

1.Nf3 Nf6 2.g3 g6 3.Bg2 Bg7 4.c4 O-O 5.d4 d6 6.O-O Nc6 7.Nc3 a6 8.d5 Na5
9.Nd2 c5 10.Qc2 Rb8 11.b3 b5 12.Rb1 e6 13.dxe6 Bxe6 14.cxb5 axb5 15.Nde4 Nxe4
16.Nxe4 Bf5 17.Bb2 Re8 18.Bxg7 Kxg7 19.Rbd1 f6 20.g4 Bxe4 21.Bxe4 Qe7 22.Bf3 Rb6
23.Qd2  1/2-1/2

[Event "UKR-chT"]
[Site "Simferopol"]
[Date "1991.??.??"]
[Round "?"]
[White "Rotstein, Arkadij"]
[Black "Serebro, Alexsandr"]
[Result "1/2-1/2"]
[WhiteElo "2400"]
[BlackElo "2225"]

1.c4 Nf6 2.Nf3 g6 3.g3 Bg7 4.Bg2 O-O 5.O-O c6 6.d4 d5 7.Qb3 a5 8.c5 a4 9.Qb4 Ne4
10.Bf4 Bg4 11.Qxb7 Na6 12.Nc3 a3 13.Na4 Qa5 14.Nb6 axb2 15.Rab1 Naxc5 16.dxc5 Nxc5
17.Qxc6 Ra6 18.Bc7 Ne6 19.Ne5 Nxc7 20.Qxc7 Bxe5 21.Qxe5 Rxb6 22.Rxb2 Rxb2
23.Qxb2 d4 24.h3 Be6 25.Ra1 Qc3 26.Qxc3 dxc3  1/2-1/2

[Event "Belavenets mem op"]
[Site "Smolensk"]
[Date "1991.??.??"]
[Round "?"]
[White "Mishuchkov, Nikolai M"]
[Black "Golod, Vitali"]
[Result "1/2-1/2"]
[WhiteElo "2420"]
[BlackElo "2310"]

1.Nf3 Nf6 2.c4 g6 3.g3 Bg7 4.Bg2 O-O 5.O-O d6 6.Nc3 e5 7.d4 Nbd7 8.h3 Re8
9.dxe5 dxe5 10.e4 Nc5 11.Qxd8  1/2-1/2

[Event "SWE-ch"]
[Site "SWE"]
[Date "1991.??.??"]
[Round "9"]
[White "Ornstein, Axel"]
[Black "Johansson, Mikael"]
[Result "1/2-1/2"]
[WhiteElo "2440"]
[BlackElo "2260"]

1.Nf3 Nf6 2.c4 g6 3.g3 Bg7 4.Bg2 O-O 5.O-O d6 6.d4 c6 7.Nc3 Qa5 8.h3 Be6
9.d5 cxd5 10.Nd4 dxc4 11.Nxe6 fxe6 12.Bxb7 Nbd7 13.Bxa8 Rxa8 14.Qa4 Qxa4
15.Nxa4 Ne4 16.Be3 d5 17.Rac1 Nb6 18.Nc3 Nxc3 19.bxc3 Na4 20.Bd2 Kf7 21.Rfd1 Rc8
22.Rc2 Rb8 23.e4 Rd8 24.Rb1 Rd6 25.Rb7 Nc5 26.Rxa7 Nxe4 27.Be1 Rb6 28.Kf1 Rb1
29.Ke2 e5 30.Ra5 Ke6 31.a4 Nd6 32.Ra6 d4 33.cxd4 exd4 34.Rxc4 Kd5 35.Rc2 d3+
36.Kxd3 Rxe1 37.Ra5+ Ke6 38.Re2+ Rxe2 39.Kxe2 Bd4 40.Ra8 Kd5 41.a5 Kc6 42.Rb8 Bc3
43.a6 Bd4 44.f4 Kc7 45.Rb1 Nc8 46.Kd3 Bf2 47.g4 Nd6 48.Rb2 Bb6 49.Re2 Kd7
50.Ra2 Nb5 51.Kc4 Kc6 52.Re2 Bc5 53.Re5 Nd6+ 54.Kd3 Nb5 55.f5 gxf5 56.Rxf5 Nc7
57.Kc4 Nxa6 58.Rh5 Bd6 59.Rxh7 Nc5 60.g5 Nd7 61.h4 Ne5+ 62.Kd4 Kd7 63.Ke4 Ke8
64.h5 Kf8 65.Rh8+ Kg7 66.Ra8 Ng6 67.Kf5 Nf4 68.Kg4 Nxh5 69.Kxh5 Bc5 70.Ra5 Bd6
71.Rf5 Ba3 72.g6 Bb4 73.Rf1 Bc5 74.Rf4 Ba3 75.Rf5 Bb4 76.Rf3 Bc5 77.Rf7+ Kg8
78.Rf5 Bb4 79.Rf4 Bd6 80.Rf3 Bb4 81.Rb3 Bd6 82.Kg5 Kg7  1/2-1/2

[Event "Tbilisi"]
[Site "Tbilisi"]
[Date "1991.??.??"]
[Round "?"]
[White "Ioseliani, Nana"]
[Black "Arakhamia, Ketevan"]
[Result "1-0"]
[WhiteElo "2470"]
[BlackElo "2440"]

1.c4 Nf6 2.Nf3 g6 3.g3 Bg7 4.Bg2 O-O 5.O-O d5 6.cxd5 Nxd5 7.d4 Nb6 8.Nc3 Nc6
9.e3 Re8 10.d5 Na5 11.Nd4 Bd7 12.Qe2 Qc8 13.Rd1 c5 14.Nb3 Nxb3 15.axb3 a5
16.e4 a4 17.Ra3 axb3 18.Rxb3 Ra6 19.Be3 Na4 20.Rc1 Nxc3 21.bxc3 c4 22.Rb6 e6
23.d6 Rxb6 24.Bxb6 Qc6 25.Bc7 e5 26.Ra1 Bf8 27.Qd2 b5 28.Qd5 Qxd5 29.exd5 e4
30.Ra7 Bf5 31.Rb7 Ra8 32.h3 Ra1+ 33.Kh2 Ra2 34.Rb8 e3 35.d7 Bxd7 36.fxe3 Kg7
37.e4 Rc2 38.Rd8 Rxc3 39.Be5+  1-0

[Event "Teteven op"]
[Site "Teteven"]
[Date "1991.??.??"]
[Round "5"]
[White "Bochev, Krasimir"]
[Black "Janchev, Petar"]
[Result "1-0"]
[WhiteElo "2270"]
[BlackElo "2295"]

1.Nf3 Nf6 2.c4 g6 3.g3 Bg7 4.Bg2 O-O 5.O-O d6 6.d4 Nbd7 7.Qc2 e5 8.Rd1 Re8
9.dxe5 Nxe5 10.Nxe5 Rxe5 11.Nc3 Nd7 12.Bf4 Re8 13.Ne4 Qe7 14.Rac1 Nb6 15.Qb3 Bd7
16.Rd2 Ba4 17.Qd3 Bc6 18.Nc3 Bxg2 19.Kxg2 Rac8 20.b3 Nd7 21.Nd5 Qf8 22.Be3 Ne5
23.Qc2 a6 24.h3 f5 25.Qd1 Qf7 26.Bf4 h6 27.h4 Rcd8 28.Nc3 Qf6 29.Qc2 c6 30.e4 Nf7
31.exf5 Qxf5 32.Qxf5 gxf5 33.Be3 Bxc3 34.Rxc3 h5 35.Bb6 Rd7 36.Rf3 Re5 37.Bd4 Ra5
38.Bc3 Rc5 39.Rf4 Ne5 40.Rxf5 Nd3 41.Rf6 Ne5 42.Rfxd6 Rxd6 43.Rxd6 Nf7 44.Rg6+  1-0

[Event "Torcy op-B"]
[Site "Torcy"]
[Date "1991.??.??"]
[Round "?"]
[White "Bibikoff, M."]
[Black "Bitter, L."]
[Result "1-0"]
[WhiteElo "1960"]
[BlackElo "1870"]

1.Nf3 Nf6 2.c4 g6 3.g3 Bg7 4.Bg2 O-O 5.Nc3 d6 6.O-O c6 7.d3 Na6 8.Rb1 Qa5
9.Qd2 Qh5 10.Qg5 Nc7 11.b4 Bd7 12.Bd2 Rac8 13.Rfc1 Bg4 14.Qxh5 Nxh5 15.b5 cxb5
16.Nxb5 Nxb5 17.Rxb5 b6 18.Be3 Rc7 19.Rbb1 Rfc8 20.h3 Bd7 21.g4 Nf6 22.Nd4 e5
23.Nb5 Bxb5 24.Rxb5 Nd7 25.Bd2 Nc5 26.Rb4 Na6 27.Rbb1 Nc5 28.a3 Na4 29.Rc2 Nc5
30.Ra2 e4 31.dxe4 Ne6 32.Bb4 Bf8 33.Rd1 Rxc4 34.Bxd6 Bxd6 35.Rxd6 Kg7 36.Rd7 Rc1+
37.Kh2 R8c7 38.Rxc7 Rxc7 39.e3 Rc4 40.Kg3 h6 41.e5 Rc5 42.f4 Rc3 43.Kf2 Nc5
44.Bf1 Ne4+ 45.Kf3 Nc5 46.a4 Rc1 47.Be2 a5 48.Bb5 Rh1 49.Kg2 Rb1 50.Kf3 Rh1
51.Kg3 Rg1+ 52.Kf2 Rh1 53.Bf1  1-0

[Event "USA-ch (Women)"]
[Site "USA"]
[Date "1991.??.??"]
[Round "?"]
[White "Ruggiero, Pamela"]
[Black "Tverskaya, Julia"]
[Result "1-0"]
[WhiteElo "2135"]
[BlackElo "2040"]

1.c4 Nf6 2.Nf3 g6 3.g3 Bg7 4.Bg2 O-O 5.O-O d6 6.Nc3 c5 7.d4 cxd4 8.Nxd4 a6
9.e4 Bd7 10.Nc2 Nc6 11.Ne3 Rc8 12.Rb1 Ne5 13.Qe2 Re8 14.h3 Qc7 15.b3 b5 16.f4 Nc6
17.Ncd5 Qa7 18.Bb2 Nxd5 19.cxd5 Nd4 20.Qf2 Rc7 21.Rbc1 Rxc1 22.Rxc1 Nxb3
23.axb3 Bxb2 24.Qxb2 Qxe3+ 25.Kh2 h5 26.Rc7 h4 27.gxh4 Qxf4+ 28.Kh1 b4 29.Qd4 Bb5
30.Qxb4 Qxh4 31.Qc3 Qf4 32.Rc8 Rxc8 33.Qxc8+ Kg7 34.Qc3+ Qf6 35.Qe3 Qa1+
36.Kh2 Qe5+ 37.Kg1 f5 38.Qg5 f4 39.h4 Bd3 40.Bf3 Bxe4 41.Qxe5+ dxe5 42.Bxe4 a5
43.Kf2 Kh6 44.Bf3 Kg7 45.Ke2 Kf6 46.Be4 g5 47.h5 g4 48.h6 Kf7 49.Bf5 g3 50.Be4 Kf6
51.Kf3  1-0